| 000 | 00816cab a2200217 4500 | ||
|---|---|---|---|
| 001 | E2204 | ||
| 008 | 090401t1994 xxu||||| |||| 00| 0 eng d | ||
| 035 | _a(Sirsi) u38101 | ||
| 041 | _aeng | ||
| 245 | _aWatson v Campbell and another | ||
| 260 | _c1994 | ||
| 350 | _a0 | ||
| 490 |
_aSLC _v1994 R 100-123(24) |
||
| 520 | _aFull Court. Application Ross RN446. Order of 11 October 1994. Croft - common grazings - determination of ownership of grazings share - whether owner of share entitled to membership of sheep stock club - expenses motion by solicitor for increase of fees in view of importance of case granted. | ||
| 650 | _aCOMMON GRAZINGS | ||
| 650 | _aSCOTLAND | ||
| 650 | _aSCOTTISH LAND COURT | ||
| 690 | _aLANDLORD AND TENANT-CASE LAW-AGRICULTURAL TENANCIES | ||
| 942 | _n0 | ||
| 948 | _c04/03/1997 | ||
| 999 |
_c24484 _d24484 |
||